[Event "Kieler Open 2016-A"]
[Site "Kiel"]
[Date "2016.07.31"]
[Round "3.38"]
[White "Rützler, Maximilian"]
[Black "Werner, René"]
[Result "0-1"]
[WhiteElo "1691"]
[BlackElo "1885"]
[PlyCount "64"]

1. c4 b6 2. d4 e6 3. Nc3 Bb7 4. e4 Bb4 5. Bd3 f5 6. Qc2 Bxc3+ 7. bxc3 Qh4 8. d5
fxe4 9. Bxe4 Nf6 10. Bf3 Qxc4 11. dxe6 Qxe6+ 12. Be3 Nc6 13. Ne2 O-O 14. O-O
Nd5 15. Bd4 Ba6 16. Rfe1 Rxf3 17. gxf3 Qf7 18. f4 Bxe2 19. Rxe2 Qxf4 20. Qe4
Qg5+ 21. Kh1 Nf6 22. Qf3 Rf8 23. Rg1 Nxd4 24. cxd4 Qh4 25. Qg3 Qxg3 26. Rxg3 {
(=)} Rf7 27. Rge3 Kf8 28. Kg2 g6 29. Re5 c6 30. a4 Nd5 31. R2e3 Nxe3+ 32. fxe3
Re7 0-1

[Event "Kieler Open 2016-A"]
[Site "Kiel"]
[Date "2016.07.31"]
[Round "3.40"]
[White "Schmieder, Kerstin"]
[Black "Rosenburg, Thies"]
[Result "0-1"]
[WhiteElo "1654"]
[BlackElo "1728"]
[PlyCount "76"]

1. d4 d5 2. Nc3 Nf6 3. Bg5 Bf5 4. Bxf6 exf6 5. e3 c6 6. Nf3 Qb6 7. Na4 Qc7 8.
c4 dxc4 9. Nc3 b5 10. e4 Bg4 11. Be2 Nd7 12. h3 Bxf3 13. Bxf3 Be7 14. O-O O-O
15. Qc2 Rfd8 16. Rfe1 Rab8 17. Nd1 Nb6 18. Qd2 Qd6 19. d5 cxd5 20. exd5 Bf8 21.
Ne3 g6 22. Rad1 Bh6 23. Qd4 f5 24. Qh4 Bg7 25. Qg5 Re8 26. Re2 h6 27. Qh4 Nd7
28. Rc2 Nc5 29. Qg3 Rbd8 30. Be2 Qf6 31. f4 Nd7 32. h4 Qb6 33. Kf2 Bd4 34. Rxd4
Qxd4 35. Bf1 Nf6 36. Ke2 Ng4 37. Rc3 b4 38. Rxc4 Rxe3+ 0-1

[Event "Kieler Open 2016-A"]
[Site "Kiel"]
[Date "2016.07.31"]
[Round "3.42"]
[White "Saß, Patrick"]
[Black "Millgramm, Stephan"]
[Result "1/2-1/2"]
[WhiteElo "1841"]
[BlackElo "1800"]
[PlyCount "60"]

1. f4 d5 2. Nf3 c5 3. b3 Nc6 4. e3 Nf6 5. Bb2 Bg4 6. Be2 e6 7. d3 Bd6 8. Ne5
Bxe2 9. Qxe2 Bxe5 10. fxe5 Nd7 11. d4 O-O 12. O-O f6 13. exf6 Rxf6 14. Nd2 Qe7
15. Rxf6 Qxf6 16. Rf1 Qg6 17. Nf3 a6 18. Re1 Rc8 19. c3 e5 20. dxe5 Ndxe5 21.
Nxe5 Nxe5 22. Rd1 Rf8 23. c4 Ng4 24. h3 Nf2 25. Rf1 Nxh3+ 26. Kh2 Rxf1 27. Qxf1
Ng5 28. cxd5 Ne4 29. Qd3 Qg3+ 30. Kg1 Qf2+ 1/2-1/2

[Event "Kieler Open 2016-A"]
[Site "Kiel"]
[Date "2016.07.31"]
[Round "4.1"]
[White "Baramidze, David"]
[Black "Braun, Arik"]
[Result "1/2-1/2"]
[WhiteElo "2594"]
[BlackElo "2569"]
[PlyCount "28"]

1. d4 d5 2. c4 e6 3. Nf3 Nf6 4. g3 Bb4+ 5. Bd2 Be7 6. Bg2 O-O 7. O-O Nbd7 8.
Qc2 c6 9. Rd1 b6 10. Bf4 Bb7 11. Nc3 dxc4 12. Nd2 Nd5 13. Nxc4 Nxf4 14. gxf4
Qc7 1/2-1/2

[Event "Kieler Open 2016-A"]
[Site "Kiel"]
[Date "2016.07.31"]
[Round "4.2"]
[White "Fries-Nielsen, Jens Ove"]
[Black "Krause, Jonah"]
[Result "1-0"]
[WhiteElo "2359"]
[BlackElo "2268"]
[PlyCount "77"]

1. d4 Nf6 2. Nc3 d5 3. Bf4 g6 4. e3 Bg7 5. Be2 O-O 6. Nf3 c5 7. O-O Nc6 8. Ne5
Bf5 9. Nxc6 bxc6 10. Be5 Bh6 11. Bxf6 exf6 12. dxc5 Rb8 13. b3 Qa5 14. Na4 Be6
15. c3 f5 16. g3 Bg7 17. Rc1 Rbd8 18. Qc2 h5 19. h4 Bf6 20. Rfd1 Kg7 21. Kg2
Rh8 22. Rh1 Rd7 23. Bf3 Rdd8 24. Rcd1 Rb8 25. b4 Qc7 26. Nb2 Rhd8 27. Nd3 Bc8
28. a4 a5 29. Rb1 Ba6 30. Nf4 Qe5 31. b5 cxb5 32. Qe2 Qe8 33. Nxd5 Be5 34. Nb6
Bc7 35. axb5 Bxb6 36. cxb6 Bc8 37. c4 Rxb6 38. c5 Rb8 39. c6 1-0

[Event "Kieler Open 2016-A"]
[Site "Kiel"]
[Date "2016.07.31"]
[Round "4.3"]
[White "Parvanyan, Ashot"]
[Black "Krause, Benedict"]
[Result "0-1"]
[WhiteElo "2240"]
[BlackElo "2381"]
[PlyCount "96"]

1. d4 Nf6 2. Nf3 g6 3. c4 Bg7 4. e3 O-O 5. Be2 c5 6. d5 d6 7. Nc3 e6 8. O-O
exd5 9. cxd5 Re8 10. Nd2 Na6 11. e4 Nc7 12. a4 a6 13. f4 Rb8 14. a5 Bd7 15. e5
dxe5 16. Nc4 e4 17. Be3 Nb5 18. Bxc5 Nxc3 19. bxc3 Bb5 20. Bd4 Nxd5 21. Ne5
Bxe2 22. Qxe2 Nxf4 23. Rxf4 Bxe5 24. Bxe5 Rxe5 25. Rxe4 Rxe4 26. Qxe4 Qc7 27.
Qf3 Rc8 28. Rc1 Qc5+ 29. Kh1 Rc7 30. Qf6 Qe7 31. Qxe7 Rxe7 32. Kg1 Re5 33. Ra1
Rb5 34. Ra4 Kf8 35. Kf2 Ke7 36. g4 h5 37. gxh5 Rxh5 38. Kg3 Rc5 39. c4 Kd6 40.
Rb4 Rc7 41. Kf4 Kc5 42. Ra4 Kd4 43. Rb4 Kc3 44. Rb6 Kxc4 45. Ke5 Rc5+ 46. Kd6
Rb5 47. Ke7 Rxa5 48. Rxb7 Rf5 0-1

[Event "Kieler Open 2016-A"]
[Site "Kiel"]
[Date "2016.07.31"]
[Round "4.4"]
[White "Ernst, Thomas"]
[Black "Beeck, Mats"]
[Result "1/2-1/2"]
[WhiteElo "2357"]
[BlackElo "2196"]
[PlyCount "66"]

1. e4 e5 2. Nf3 Nc6 3. Bb5 a6 4. Ba4 d6 5. c3 g6 6. d4 Bd7 7. O-O Bg7 8. dxe5
Nxe5 9. Nxe5 dxe5 10. f4 Bxa4 11. Qxa4+ Qd7 12. Qxd7+ Kxd7 13. fxe5 Ke6 14. Bf4
Rd8 15. Nd2 Bxe5 16. Bxe5 Kxe5 17. Nf3+ Kf6 18. e5+ Ke7 19. Ng5 Nh6 20. Rf2 Nf5
21. g4 h6 22. gxf5 hxg5 23. fxg6 fxg6 24. Raf1 Rh7 25. Rg2 Rh5 26. Rf6 Rd1+ 27.
Kf2 Rd2+ 28. Kg3 Rxg2+ 29. Kxg2 g4 30. Rxg6 Rxe5 31. Rxg4 Re2+ 32. Kf3 Rxh2 33.
Rg2 Rh4 1/2-1/2

[Event "Kieler Open 2016-A"]
[Site "Kiel"]
[Date "2016.07.31"]
[Round "4.5"]
[White "Bente, Björn"]
[Black "Wichmann, Cliff"]
[Result "1/2-1/2"]
[WhiteElo "2228"]
[BlackElo "2314"]
[PlyCount "20"]

1. d4 d5 2. Nf3 Nf6 3. e3 c5 4. Bd3 Nc6 5. O-O Bg4 6. c3 e6 7. Nbd2 cxd4 8.
exd4 Bd6 9. Re1 Qc7 10. Nf1 Bh5 1/2-1/2

[Event "Kieler Open 2016-A"]
[Site "Kiel"]
[Date "2016.07.31"]
[Round "4.6"]
[White "Pluska, Alexander"]
[Black "Bharadwaj, Dhanush"]
[Result "1/2-1/2"]
[WhiteElo "2116"]
[BlackElo "2296"]
[PlyCount "88"]

1. e4 c5 2. d4 cxd4 3. c3 dxc3 4. Nxc3 Nc6 5. Nf3 e6 6. Bc4 a6 7. O-O b5 8. Bb3
Bb7 9. Be3 Na5 10. Re1 Nxb3 11. Qxb3 Nf6 12. Nd5 Nxd5 13. exd5 Bxd5 14. Qd3 Be7
15. a4 Bxf3 16. gxf3 Rb8 17. axb5 axb5 18. Ra7 d6 19. Rc1 O-O 20. Rcc7 Bg5 21.
f4 Bh6 22. b4 Qh4 23. Qxd6 Rbe8 24. Re7 Qg4+ 25. Kf1 Rxe7 26. Rxe7 g6 27. Rb7
Bg7 28. Rxb5 Qh3+ 29. Kg1 Qg4+ 30. Kf1 e5 31. Rb8 h5 32. fxe5 Rxb8 33. Qxb8+
Kh7 34. Qd6 Qe4 35. e6 fxe6 36. Qf4 Qb1+ 37. Kg2 e5 38. Qc4 Qf5 39. b5 e4 40.
b6 Qg4+ 41. Kf1 Qd1+ 42. Kg2 Qg4+ 43. Kf1 Qd1+ 44. Kg2 Qg4+ 1/2-1/2

[Event "Kieler Open 2016-A"]
[Site "Kiel"]
[Date "2016.07.31"]
[Round "4.7"]
[White "Möller, Dustin"]
[Black "Junge, Ralph"]
[Result "0-1"]
[WhiteElo "1985"]
[BlackElo "2277"]
[PlyCount "94"]

1. d4 e6 2. c4 f5 3. Nf3 Nf6 4. Nc3 Be7 5. Qc2 d5 6. Bf4 c6 7. e3 O-O 8. Bd3
Na6 9. a3 dxc4 10. Bxc4 b5 11. Bb3 b4 12. Na4 bxa3 13. bxa3 Qa5+ 14. Qc3 Qb5
15. Ne5 Ne4 16. Qc2 Bxa3 17. Rxa3 Qb4+ 18. Nc3 Qxa3 19. Nxe4 fxe4 20. O-O Nb4
21. Qc4 Nd5 22. Rb1 Nxf4 23. exf4 Qd6 24. Qxc6 Qxc6 25. Nxc6 Kh8 26. d5 exd5
27. Bxd5 Bf5 28. Ne5 Rad8 29. Nf7+ Rxf7 30. Bxf7 e3 31. Re1 e2 32. f3 Rd1 33.
Kf2 Rxe1 34. Kxe1 Bd3 35. f5 a5 36. Bb3 Bb5 37. g4 a4 38. Ba2 Bd3 39. g5 h6 40.
g6 h5 41. h4 Bxf5 42. Kxe2 Bxg6 43. Kd2 Bh7 44. Kc1 a3 45. Bd5 Bg8 46. Be4 Bf7
47. f4 Kg8 0-1

[Event "Kieler Open 2016-A"]
[Site "Kiel"]
[Date "2016.07.31"]
[Round "4.8"]
[White "Lanka, Zigurds"]
[Black "Schagen, Walt"]
[Result "1-0"]
[WhiteElo "2450"]
[BlackElo "2082"]
[PlyCount "65"]

1. e4 c5 2. Nf3 e6 3. d4 cxd4 4. Nxd4 Nc6 5. Nc3 Qc7 6. Be2 Nf6 7. a3 Be7 8. f4
d6 9. Be3 O-O 10. g4 d5 11. e5 Ne4 12. Nxe4 dxe4 13. Nb5 Bh4+ 14. Kf1 Qe7 15.
g5 f6 16. exf6 gxf6 17. gxf6 Qxf6 18. Rg1+ Kh8 19. Kg2 e5 20. fxe5 Nxe5 21. Kh1
Bh3 22. Nc7 Rad8 23. Nd5 Qe6 24. c4 h6 25. Qd4 Bf5 26. Bxh6 Rg8 27. Bf4 Rge8
28. Raf1 Bf6 29. Qc3 Rxd5 30. cxd5 Qxd5 31. Qe3 Nc6 32. Be5 Qxe5 33. Rxf5 1-0

[Event "Kieler Open 2016-A"]
[Site "Kiel"]
[Date "2016.07.31"]
[Round "4.9"]
[White "Ressler, Eckart"]
[Black "Voloshin, Leonid"]
[Result "1/2-1/2"]
[WhiteElo "2194"]
[BlackElo "2424"]
[PlyCount "50"]

1. b3 e5 2. Bb2 Nc6 3. e3 Nf6 4. Nf3 d6 5. d4 e4 6. d5 exf3 7. dxc6 bxc6 8.
Qxf3 d5 9. Nd2 Bb4 10. c3 Bg4 11. Qf4 Bd6 12. Qa4 Bd7 13. h3 a5 14. Ba3 Qe7 15.
Bxd6 cxd6 16. Be2 O-O 17. O-O c5 18. Qf4 Qe5 19. Qxe5 dxe5 20. Rfd1 Bc6 21.
Rac1 Rfb8 22. Nf3 Nd7 23. e4 dxe4 24. Ng5 Nf6 25. Bc4 Be8 1/2-1/2

[Event "Kieler Open 2016-A"]
[Site "Kiel"]
[Date "2016.07.31"]
[Round "4.10"]
[White "Saglam, Bülent"]
[Black "Jahncke, Giso"]
[Result "0-1"]
[WhiteElo "2100"]
[BlackElo "2332"]
[PlyCount "54"]

1. d4 d5 2. c4 c6 3. Nc3 Nf6 4. Nf3 dxc4 5. a4 Bf5 6. Nh4 e6 7. Nxf5 exf5 8. e3
Bb4 9. Bxc4 O-O 10. O-O Nbd7 11. Qc2 g6 12. b3 Re8 13. Ba3 Ba5 14. Bd6 Bxc3 15.
Qxc3 Ne4 16. Qb4 a5 17. Qa3 Qf6 18. Bc7 b6 19. Bd3 Ra7 20. Bxe4 Rxc7 21. Bd3 f4
22. Rae1 c5 23. dxc5 f3 24. cxb6 Rc5 25. Rc1 Rh5 26. g3 Qe6 27. h4 Qh3 0-1

[Event "Kieler Open 2016-A"]
[Site "Kiel"]
[Date "2016.07.31"]
[Round "4.11"]
[White "Ghadimi, Mohammed Reza"]
[Black "Thorgeirsson, Sverrir"]
[Result "1/2-1/2"]
[WhiteElo "2098"]
[BlackElo "2282"]
[PlyCount "63"]

1. e4 d5 2. exd5 Nf6 3. d4 Nxd5 4. h3 g6 5. Nf3 Bg7 6. Be2 O-O 7. O-O c6 8. Re1
Nd7 9. Bf1 e6 10. c4 Ne7 11. Nc3 b6 12. Bf4 Nf6 13. Be5 Bb7 14. c5 Ned5 15.
Nxd5 Nxd5 16. Nd2 Nf6 17. Rc1 b5 18. a4 a6 19. b4 Nd5 20. Qb3 a5 21. axb5 Nxb4
22. Nc4 cxb5 23. Nb6 Bxe5 24. dxe5 Rb8 25. Bxb5 Qc7 26. Qa4 Rfd8 27. Qxa5 Nd5
28. Bf1 Qc6 29. Bb5 Qc7 30. Bf1 Qc6 31. Bb5 Qc7 32. Bf1 1/2-1/2

[Event "Kieler Open 2016-A"]
[Site "Kiel"]
[Date "2016.07.31"]
[Round "4.12"]
[White "Rieper, Julian"]
[Black "Jacobs, Florian"]
[Result "0-1"]
[WhiteElo "1999"]
[BlackElo "2228"]
[PlyCount "108"]

1. e4 e5 2. Nf3 Nc6 3. Bc4 Bc5 4. c3 Nf6 5. d3 O-O 6. O-O d5 7. exd5 Nxd5 8.
Re1 Bg4 9. Nbd2 Nb6 10. Bb5 Bd6 11. h3 Bh5 12. Ne4 Re8 13. a4 a6 14. Bxc6 bxc6
15. a5 Nd5 16. Ng3 Bg6 17. Bg5 f6 18. Bc1 Nf4 19. Ne4 Bf8 20. Bxf4 exf4 21. Qc2
Qd5 22. Nh4 Bh5 23. d4 Kh8 24. b4 Re6 25. Nd2 Rae8 26. Rxe6 Rxe6 27. Nhf3 Bg6
28. Qb3 Qxb3 29. Nxb3 Bd3 30. Nc5 Bxc5 31. dxc5 Re8 32. Nd4 Be4 33. Re1 Re5 34.
Rc1 Bd5 35. f3 Re3 36. Rd1 h5 37. Rc1 Rd3 38. Rc2 g5 39. Kf2 Kh7 40. g3 fxg3+
41. Kxg3 h4+ 42. Kg2 Kg6 43. Kf2 Rd1 44. Kg2 f5 45. Kf2 Kf6 46. Re2 Rh1 47. Kg2
Rc1 48. Re8 Rxc3 49. Ra8 Rd3 50. Nxc6 Bxf3+ 51. Kf2 g4 52. hxg4 fxg4 53. Rf8+
Kg7 54. Rf7+ Kg8 0-1

[Event "Kieler Open 2016-A"]
[Site "Kiel"]
[Date "2016.07.31"]
[Round "4.13"]
[White "Berger, Joachim"]
[Black "Light, Bjarne"]
[Result "0-1"]
[WhiteElo "2022"]
[BlackElo "2205"]
[PlyCount "24"]

1. d4 b6 2. e4 Bb7 3. Bd3 Nf6 4. Qe2 Nc6 5. c3 e5 6. dxe5 Nxe5 7. Bc2 a5 8. Nd2
Ba6 9. c4 Bb4 10. b3 O-O 11. f4 Ng6 12. Nh3 d5 0-1

[Event "Kieler Open 2016-A"]
[Site "Kiel"]
[Date "2016.07.31"]
[Round "4.14"]
[White "Gottuk, Stefan"]
[Black "Schoonackers, Jeroen"]
[Result "1/2-1/2"]
[WhiteElo "2203"]
[BlackElo "2055"]
[PlyCount "55"]

1. e4 e5 2. Bc4 Nf6 3. d3 Nc6 4. Nf3 Bc5 5. c3 a6 6. Bb3 O-O 7. Nbd2 d5 8. Qe2
Re8 9. Nf1 h6 10. h3 Be6 11. Bc2 d4 12. c4 Bb4+ 13. N3d2 b5 14. a3 Bf8 15. b3
Nd7 16. g4 g6 17. Ng3 bxc4 18. bxc4 Nc5 19. Nb3 Nd7 20. Kf1 a5 21. a4 Nb4 22.
Bd1 Nb6 23. Nd2 Be7 24. Kg2 Nd7 25. Nf3 Bg5 26. Bb2 Bf4 27. Bc2 Rb8 28. Rhb1
1/2-1/2

[Event "Kieler Open 2016-A"]
[Site "Kiel"]
[Date "2016.07.31"]
[Round "4.15"]
[White "Plüg, Andreas"]
[Black "Dittrich, Gunnar"]
[Result "1-0"]
[WhiteElo "2271"]
[BlackElo "1950"]
[PlyCount "113"]

1. d4 d5 2. Nf3 c5 3. c3 Nc6 4. Bf4 cxd4 5. cxd4 Qb6 6. Qb3 e6 7. Qxb6 axb6 8.
Nc3 Bb4 9. e3 Nf6 10. Bd3 Ne4 11. Bxe4 dxe4 12. Nd2 f5 13. Ke2 Ne7 14. Be5 O-O
15. f3 exf3+ 16. gxf3 Bd7 17. Rhg1 g6 18. a3 Bxc3 19. bxc3 Rfc8 20. Kd3 Ra4 21.
Rgb1 b5 22. e4 Kf7 23. Bd6 b6 24. Rb4 Rca8 25. Rxa4 Rxa4 26. h4 Bc6 27. Rg1 Ra8
28. Nb3 Bb7 29. Na1 Ng8 30. Nc2 Nf6 31. Re1 Rc8 32. Bb4 Rd8 33. d5 Nh5 34. Nd4
Nf4+ 35. Kd2 exd5 36. e5 Ne6 37. Nxb5 Bc6 38. Nd4 Ba4 39. Bd6 Rc8 40. Rb1 Nxd4
41. cxd4 b5 42. Bc5 h6 43. Rg1 Rg8 44. f4 h5 45. Kc3 Re8 46. Rc1 Ke6 47. Kb4
Rc8 48. Rg1 Rg8 49. Bd6 Rg7 50. Rc1 Ra7 51. Rc8 Rg7 52. Rf8 Kd7 53. Rf6 Rg8 54.
Bf8 Ke8 55. Bc5 Rg7 56. e6 Rg8 57. e7 1-0

[Event "Kieler Open 2016-A"]
[Site "Kiel"]
[Date "2016.07.31"]
[Round "4.16"]
[White "Uksini, Bardhyl"]
[Black "Benzen, Marthe"]
[Result "0-1"]
[WhiteElo "2259"]
[BlackElo "2043"]
[PlyCount "88"]

1. d4 Nf6 2. c4 g6 3. Nc3 Bg7 4. e4 d6 5. f4 c5 6. d5 a6 7. a4 O-O 8. Nf3 Qc7
9. Bd3 e6 10. O-O exd5 11. cxd5 Nbd7 12. Kh1 b6 13. Be3 Re8 14. Qd2 c4 15. Bc2
Nc5 16. e5 dxe5 17. fxe5 Nfd7 18. e6 fxe6 19. Ng5 Nf6 20. d6 Qc6 21. Bxc5 Qxc5
22. Rxf6 Bxf6 23. Nge4 Qe5 24. d7 Bxd7 25. Qxd7 Bg7 26. Qc6 Rab8 27. h3 Rec8
28. Qd7 Rd8 29. Qe7 Rf8 30. Rd1 Rf7 31. Qb4 b5 32. axb5 axb5 33. b3 Rbf8 34.
Kg1 Bh6 35. Qc5 Qxc5+ 36. Nxc5 Be3+ 37. Kh2 Bxc5 38. Nxb5 Rf2 39. Be4 cxb3 40.
Nc7 Rf1 41. Rd2 Bg1+ 42. Kg3 Be3 43. Rd7 Bf4+ 44. Kh4 Bxc7 0-1

[Event "Kieler Open 2016-A"]
[Site "Kiel"]
[Date "2016.07.31"]
[Round "4.17"]
[White "Johansson, Thomas"]
[Black "Parvanyan, Alfred"]
[Result "1/2-1/2"]
[WhiteElo "2222"]
[BlackElo "1943"]
[PlyCount "88"]

1. d4 Nf6 2. c4 g6 3. Nc3 Bg7 4. e4 d6 5. f3 O-O 6. Nge2 c5 7. d5 a6 8. a4 b6
9. Ng3 e6 10. Be2 exd5 11. cxd5 Ne8 12. Be3 Nc7 13. Qd2 Nd7 14. O-O Rb8 15.
Rab1 b5 16. axb5 Nxb5 17. Nxb5 axb5 18. b4 c4 19. Bd4 Bxd4+ 20. Qxd4 Qb6 21.
Qxb6 Nxb6 22. Ra1 Bd7 23. Bd1 Ra8 24. Bc2 Rfc8 25. Ne2 Rxa1 26. Rxa1 Ra8 27.
Rxa8+ Nxa8 28. Kf2 Nc7 29. Nc3 Na6 30. Na2 Kf8 31. Ke3 Ke7 32. Kd4 f6 33. f4 f5
34. e5 Nc7 35. Bd1 Bc8 36. Bf3 Bd7 37. h4 h5 38. Nc1 Bc8 39. Ne2 Bb7 40. Nc3
Bc8 41. e6 Bb7 42. Be2 Ba6 43. Nd1 Bb7 44. Ne3 Kf6 1/2-1/2

[Event "Kieler Open 2016-A"]
[Site "Kiel"]
[Date "2016.07.31"]
[Round "4.18"]
[White "Wanner, Lukas"]
[Black "Kaulich, Philipp Theodor"]
[Result "0-1"]
[WhiteElo "2001"]
[BlackElo "2148"]
[PlyCount "89"]

1. c4 f5 2. g3 Nf6 3. Bg2 g6 4. Nc3 Bg7 5. e3 O-O 6. d4 d6 7. Nge2 e6 8. O-O
Qe7 9. f4 c6 10. b3 e5 11. Bb2 Na6 12. Re1 g5 13. Qd2 gxf4 14. gxf4 e4 15. Ng3
Bd7 16. Bh3 Ne8 17. Kh1 Qh4 18. Qg2 Rd8 19. a3 Kh8 20. Rg1 Rf6 21. Rac1 Rg6 22.
b4 Bf6 23. Nd1 Ng7 24. Bc3 Nh5 25. Be1 Nxg3+ 26. Bxg3 Qh5 27. Qf1 Rh6 28. Bg2
Rg8 29. Qe1 Rg4 30. h3 Rg8 31. Rc2 Rhg6 32. Bh2 Be8 33. Qe2 Qh6 34. b5 Nc7 35.
bxc6 bxc6 36. Rb2 Bf7 37. Rb7 Bd8 38. Rxa7 R6g7 39. Rb7 Bh5 40. Qf1 Bh4 41. a4
Bg3 42. Rb2 Bxh2 43. Kxh2 Bf3 44. Qe1 Ne8 45. h4 0-1

[Event "Kieler Open 2016-A"]
[Site "Kiel"]
[Date "2016.07.31"]
[Round "4.19"]
[White "Mock, Markus"]
[Black "Böhm, Thomas"]
[Result "0-1"]
[WhiteElo "2002"]
[BlackElo "2148"]
[PlyCount "102"]

1. e4 e6 2. Nf3 d5 3. e5 c5 4. b4 d4 5. bxc5 Bxc5 6. Ba3 Qb6 7. Bxc5 Qxc5 8. c3
Nc6 9. cxd4 Nxd4 10. Qa4+ Nc6 11. Nc3 Bd7 12. Ne4 Qb4 13. Nd6+ Ke7 14. Bb5 Qxa4
15. Bxa4 Nh6 16. O-O Nxe5 17. Nxe5 Bxa4 18. Nxb7 Rac8 19. Rfc1 Nf5 20. g4 Nd4
21. Rxc8 Rxc8 22. Nxf7 Nf3+ 23. Kg2 Bc6 24. Nbd6 Rc7 25. Kg3 Bd5 26. Nb5 Rc5
27. Nfd6 Nxd2 28. Re1 a6 29. Nf5+ Kd7 30. Nbd4 exf5 31. Nxf5 Ne4+ 32. Kf4 g6
33. Ne3 Nxf2 34. Re2 Nd3+ 35. Kg3 Kc6 36. Nxd5 Rxd5 37. Re7 Rd7 38. Re6+ Rd6
39. Re7 h6 40. Rh7 g5 41. h4 Nf4 42. hxg5 hxg5 43. Rg7 Rd5 44. Rf7 a5 45. Kf3
Re5 46. Ra7 Kb5 47. Rf7 Kc4 48. Rb7 Ne6 49. Rb8 Nd4+ 50. Kf2 Re2+ 51. Kg3 Rxa2
0-1

[Event "Kieler Open 2016-A"]
[Site "Kiel"]
[Date "2016.07.31"]
[Round "4.20"]
[White "Nonnenmacher, Thomas"]
[Black "Deutschbein, Christopher"]
[Result "0-1"]
[WhiteElo "2146"]
[BlackElo "2006"]
[PlyCount "72"]

1. c4 c6 2. g3 d5 3. Bg2 Nf6 4. Nf3 dxc4 5. Qc2 b5 6. a4 Bb7 7. b3 cxb3 8. Qxb3
a6 {=} 9. Ne5 e6 10. axb5 axb5 11. Rxa8 Bxa8 12. Ba3 Bd6 13. Nd3 O-O 14. Nc5
Qe7 15. d4 Nbd7 16. Nd3 Nb6 17. O-O Nc4 18. Bc1 Qa7 19. Nc3 Qxd4 20. Rd1 Qb6
21. Nb2 Nxb2 22. Rxd6 {=} 22... Nc4 23. Rd1 Nd5 24. Ne4 c5 25. Qf3 f5 26. Ng5
h6 27. Nxe6 Qxe6 28. Qxd5 Bxd5 29. Bxd5 Kf7 30. f3 Rb8 31. Bf4 Rb7 32. e4 fxe4
33. fxe4 Kf6 34. Bxe6 Kxe6 35. h4 b4 36. Kf2 b3 0-1

[Event "Kieler Open 2016-A"]
[Site "Kiel"]
[Date "2016.07.31"]
[Round "4.21"]
[White "Arndt, Magnus"]
[Black "Grote, Dirk"]
[Result "1/2-1/2"]
[WhiteElo "1870"]
[BlackElo "2139"]
[PlyCount "106"]

1. e4 c6 2. Nc3 d5 3. Nf3 Bg4 4. h3 Bxf3 5. Qxf3 e6 6. d3 Nf6 7. Bd2 Nbd7 8. g4
h6 9. Bg2 Bb4 10. Qe2 dxe4 11. Nxe4 Bxd2+ 12. Nxd2 Qc7 13. a4 Nd5 14. Qf3 Qe5+
15. Qe2 Qxb2 16. Rb1 Qxc2 17. Bxd5 cxd5 18. O-O Qxa4 19. Rxb7 O-O 20. Qe3 Rfb8
21. Rfb1 Rxb7 22. Rxb7 a5 23. Nb3 Qc6 24. Ra7 Rxa7 25. Qxa7 a4 26. Nd4 Qb6 27.
Qxa4 Qb1+ 28. Kg2 Qxd3 29. Qxd7 Qxd4 30. Qe8+ Kh7 31. Qxf7 Qe4+ 32. f3 Qg6 33.
Qd7 Qf6 34. h4 Qb2+ 35. Kg3 Qe5+ 36. Kh3 h5 37. Qf7 hxg4+ 38. fxg4 Qe3+ 39. Kg2
Qe2+ 40. Kg3 Qd3+ 41. Kh2 Qg6 42. Qf4 Qc2+ 43. Kg3 Qd3+ 44. Kh2 Qc4 45. Qg5
Qe2+ 46. Kg3 Qd3+ 47. Kh2 Qg6 48. Qf4 Qc2+ 49. Kg3 Qd3+ 50. Kh2 d4 51. Qe5 Qd2+
52. Kg3 d3 53. Qe4+ Kh8 1/2-1/2

[Event "Kieler Open 2016-A"]
[Site "Kiel"]
[Date "2016.07.31"]
[Round "4.22"]
[White "Petri, Alexander"]
[Black "Topalov, Mihail"]
[Result "1-0"]
[WhiteElo "2139"]
[BlackElo "1927"]
[PlyCount "67"]

1. d4 Nf6 2. Nf3 g6 3. c4 Bg7 4. Nc3 d5 5. cxd5 Nxd5 6. Bd2 Nb6 7. e3 O-O 8.
Rc1 Nc6 9. Bb5 Bd7 10. O-O a6 11. Be2 Be6 12. b3 Nc8 13. Ne4 Bd5 14. Nc5 Nd6
15. Qc2 f5 16. Ng5 Qc8 17. Bf3 Bxf3 18. Nxf3 Nd8 19. Na4 Qe6 20. Qxc7 Rc8 21.
Qb6 N8f7 22. Rc5 g5 23. Bc3 Rxc5 24. dxc5 Bxc3 25. Nxc3 Qf6 26. Nd5 Qe6 27. Nc7
Qe4 28. cxd6 exd6 29. Qd4 Qxd4 30. Nxd4 Rc8 31. Nd5 Kf8 32. Rd1 h6 33. Kf1 Rc5
34. Ne6+ 1-0

[Event "Kieler Open 2016-A"]
[Site "Kiel"]
[Date "2016.07.31"]
[Round "4.23"]
[White "Rosmait, Emily"]
[Black "Horn, Peter"]
[Result "1/2-1/2"]
[WhiteElo "1920"]
[BlackElo "2121"]
[PlyCount "69"]

1. e4 e6 2. d4 d5 3. Nd2 Nf6 4. e5 Nfd7 5. Bd3 c5 6. c3 Nc6 7. Ndf3 f6 8. exf6
Nxf6 9. Ne2 Bd6 10. O-O cxd4 11. cxd4 Qc7 12. h3 O-O 13. Be3 Bd7 14. Rc1 Be8
15. Qd2 Qe7 16. Nc3 Bh5 17. Be2 Rad8 18. Rfe1 h6 19. Nh4 Bf7 20. Qc2 Nd7 21.
Ng6 Bxg6 22. Qxg6 Rf6 23. Qd3 Qf7 24. Bg4 h5 25. Bf3 Rxf3 26. gxf3 Qxf3 27. Qf1
e5 28. Qg2 Qxg2+ 29. Kxg2 exd4 30. Bg5 dxc3 31. Bxd8 cxb2 32. Rb1 Be5 33. Bg5
Bc3 34. Red1 d4 35. Bd2 1/2-1/2

[Event "Kieler Open 2016-A"]
[Site "Kiel"]
[Date "2016.07.31"]
[Round "4.24"]
[White "Haffner, Alexander"]
[Black "Rudolph, Jens-Erik"]
[Result "0-1"]
[WhiteElo "2118"]
[BlackElo "1939"]
[PlyCount "62"]

1. d4 d6 2. e4 Nf6 3. Nc3 Nbd7 4. Nf3 e5 5. dxe5 dxe5 6. Bc4 Be7 7. O-O c6 8.
a4 Qc7 9. h3 h6 10. Qe2 Nf8 11. Be3 g5 12. Bxg5 hxg5 13. Nxg5 Ne6 14. Nxe6 fxe6
15. a5 Bf8 16. Rfd1 Qg7 17. Qe3 Nh5 18. Ne2 Be7 19. Qc3 Rg8 20. g3 Bc5 21. Qf3
Qg6 22. Rf1 Bd7 23. Kh2 Ke7 24. c3 Raf8 25. Qg2 Nf4 26. Nxf4 exf4 27. b4 Bd6
28. Rg1 Qh6 29. Rad1 fxg3+ 30. fxg3 Rxg3 31. Qxg3 Rf2+ 0-1

[Event "Kieler Open 2016-A"]
[Site "Kiel"]
[Date "2016.07.31"]
[Round "4.25"]
[White "Ijzermans, Gijs"]
[Black "Apitzsch, Leon Fabian"]
[Result "1/2-1/2"]
[WhiteElo "2106"]
[BlackElo "1841"]
[PlyCount "149"]

1. d4 d5 2. Nf3 Nf6 3. c4 c6 4. e3 Bg4 5. Nc3 e6 6. Be2 Nbd7 7. O-O Be7 8. h3
Bh5 9. b3 O-O 10. Bb2 Qc7 11. Rc1 Rac8 12. Ne5 Bxe2 13. Qxe2 Nxe5 14. dxe5 Qxe5
15. Nxd5 Qd6 16. Nxf6+ Bxf6 17. Bxf6 gxf6 18. Rfd1 Qe7 19. Rd4 f5 20. Rcd1 Rcd8
21. Qd3 Rxd4 22. Qxd4 c5 23. Qd7 Re8 24. Qb5 a6 25. Qa5 Rc8 26. Rd3 Qc7 27. Qd2
Qc6 28. Rd6 Qc7 29. f3 Kf8 30. e4 fxe4 31. fxe4 Ke7 32. e5 Rg8 33. Qh6 Rg6 34.
Qxh7 b5 35. Qh4+ Ke8 36. Qe4 bxc4 37. bxc4 Qa5 38. Kh2 Kf8 39. Qh4 Kg7 40. Rd8
Rh6 41. Qe7 Qc3 42. Qf8+ Kg6 43. Qxc5 Kf5 44. Qc7 Qxe5+ 45. Qxe5+ Kxe5 46. Ra8
Kd4 47. Rxa6 Kxc4 48. Kg3 Rg6+ 49. Kf3 Rf6+ 50. Ke3 Rf1 51. Ra4+ Kd5 52. Ra5+
Kd6 53. a4 f5 54. Rb5 Kc6 55. Rb4 e5 56. Ke2 Ra1 57. Rb5 Ra2+ 58. Kf1 Ra1+ 59.
Kf2 Ra2+ 60. Kg1 Kd6 61. a5 f4 62. h4 e4 63. Rf5 f3 64. gxf3 exf3 65. h5 Ke6
66. Rg5 Kf6 67. Rg6+ Kf5 68. a6 Kf4 69. h6 Ra1+ 70. Kh2 Ra2+ 71. Kh3 Ra1 72.
Rf6+ Kg5 73. h7 Rh1+ 74. Kg3 Rxh7 75. Rb6 1/2-1/2

[Event "Kieler Open 2016-A"]
[Site "Kiel"]
[Date "2016.07.31"]
[Round "4.26"]
[White "Frost, Peter"]
[Black "Wunder, Niklas"]
[Result "0-1"]
[WhiteElo "1907"]
[BlackElo "2089"]
[PlyCount "74"]

1. d4 d5 2. Nf3 Nf6 3. c4 c6 4. Nc3 e6 5. e3 Nbd7 6. Qc2 Bd6 7. b3 O-O 8. Bb2
Re8 9. Be2 e5 10. dxe5 Nxe5 11. cxd5 cxd5 12. O-O Bd7 13. Rfd1 Rc8 14. Qd2 Bc6
15. Rac1 Qe7 16. Nd4 Bb8 17. h3 Ng6 18. Bf1 Qd6 19. g3 h5 20. Bg2 h4 21. Nf5
Qe6 22. g4 Rcd8 23. Ne2 Ne4 24. Bxe4 Qxe4 25. Qd4 f6 26. f4 Qf3 27. Qd3 d4 28.
Rxc6 bxc6 29. Nfxd4 Qxe3+ 30. Qxe3 Rxe3 31. Kf2 Rxh3 32. Rc1 Bxf4 33. Rxc6 Rd3
34. Ne6 Bg3+ 35. Nxg3 hxg3+ 36. Kg2 Rd2+ 37. Kh3 R8d3 0-1

[Event "Kieler Open 2016-A"]
[Site "Kiel"]
[Date "2016.07.31"]
[Round "4.27"]
[White "De Vries, Joel"]
[Black "Tobianski, Fabian"]
[Result "1/2-1/2"]
[WhiteElo "2086"]
[BlackElo "1920"]
[PlyCount "53"]

1. e4 e6 2. d4 d5 3. Nd2 Nf6 4. e5 Nfd7 5. Bd3 c5 6. c3 Nc6 7. Ne2 cxd4 8. cxd4
f6 9. exf6 Nxf6 10. O-O Bd6 11. Nf3 Qc7 12. Bg5 O-O 13. Nc3 a6 14. Bh4 Nh5 15.
Rc1 g6 16. Bb1 Qg7 17. Na4 Rxf3 18. gxf3 Nxd4 19. Nb6 Qe5 20. Bg3 Nxg3 21. fxg3
Ne2+ 22. Kh1 Nxg3+ 23. hxg3 Qxg3 24. Qd2 Bf4 25. Qf2 Qh3+ 26. Kg1 Be3 27. Qxe3
1/2-1/2